|
|
|
|
| LEADER |
00000cam a2200000 7i4500 |
| 001 |
0000003129 |
| 005 |
20050127.0 |
| 020 |
0 |
0 |
|a 967891378
|
| 090 |
0 |
0 |
|a 344.595046
|b ENV
|
| 245 |
0 |
0 |
|a Environmental Laws Of Malaysia :
|b with regulations and rules
|c compiled by Legal Research Board
|
| 260 |
0 |
0 |
|a Kuala Lumpur :
|b International Low Book Services ,
|c 2003
|
| 300 |
|
|
|a 5 v. ;
|c 25 cm.
|
| 650 |
0 |
0 |
|a Environmental law malaysia
|
| 650 |
0 |
0 |
|a Environmental policy malaysia
|
| 710 |
1 |
1 |
|a Legal Research Board
|
| 998 |
|
|
|a JPSM
|
| 999 |
|
|
|a 0000005828
|b Monograph
|c Open Shelf
|e Default branch
|
| 999 |
|
|
|a 0000005829
|b Monograph
|c Open Shelf
|e Default branch
|
| 999 |
|
|
|a 0000005830
|b Monograph
|c Open Shelf
|e Default branch
|
| 999 |
|
|
|a 0000005831
|b Monograph
|c Open Shelf
|e Default branch
|
| 999 |
|
|
|a 0000005832
|b Monograph
|c Open Shelf
|e Default branch
|